AU LIBRARIES
Centralized Library System Across Seven Campuses

Principles of Microeconomics (Record no. 47322)

MARC details
000 -LEADER
fixed length control field 00396nam a22001697a 4500
005 - DATE AND TIME OF LATEST TRANSACTION
control field 20260416093442.0
008 - FIXED-LENGTH DATA ELEMENTS--GENERAL INFORMATION
fixed length control field 260416b |||||||| |||| 00| 0 eng d
020 ## - INTERNATIONAL STANDARD BOOK NUMBER
ISBN 978-1-305-97149-3
082 ## - DEWEY DECIMAL CLASSIFICATION NUMBER
Classification number 338.5
Author Mark MAG
100 ## - MAIN ENTRY--AUTHOR
Author Name Mankiw, Gregory
245 ## - TITLE STATEMENT
Title Principles of Microeconomics
250 ## - EDITION STATEMENT
Edition statement 8th E
260 ## - PUBLICATION, DISTRIBUTION, ETC.
Place of Publication USA
Date of publication, distribution, etc. 2016
300 ## - PHYSICAL DESCRIPTION
Pages 491
650 ## - SUBJECT ADDED ENTRY--TOPICAL TERM
Subject / Department Managment Science
942 ## - ADDED ENTRY ELEMENTS (KOHA)
Koha item type Book
Holdings
Withdrawn status Lost status Damaged status Not for loan Collection code Permanent Location Current Location Shelving Location Date acquired Price Total Checkouts Full Call Number Accession No./Barcode Date last seen Koha item type
        Management Science Air University Kharian Campus Library Air University Kharian Campus Library Management Science 04/16/2026 2726.00 1 338.5 MAG AUKHP0693 04/16/2026 Book
Air University Sector E-9, Islamabad Pakistan
Email: librarian@au.edu.pk  Tel : +0092 51 9262612 Ext: 631